书目信息 |
| 题名: |
新闻学论集
|
|
| 作者: | ;中国人民大学新闻系编辑组 编 | |
| 分册: | 第三辑 | |
| 出版信息: | 北京 中国人民大学出版社 1981 |
|
| 页数: | 243页 | |
| 开本: | 20cm | |
| 丛书名: | ||
| 单 册: | ||
| 中图分类: | G210-53 , G21 | |
| 科图分类: | ||
| 主题词: | 新闻学--文集 | |
| 电子资源: | ||
| ISBN: | ||
| 000 | 00673nam0 2200229 45 | |
| 001 | 1569012994 | |
| 005 | 20150121191048.48 | |
| 010 | @dCNY0.80 | |
| 091 | @aCN@b7011.85 | |
| 100 | @a19960109d1981 em y0chiy0121 ea | |
| 101 | 0 | @achi |
| 102 | @aCN@b110000 | |
| 105 | @ay z 000yy | |
| 200 | 10 | @a新闻学论集@Axin wen xue lun ji@h第三辑@f中国人民大学新闻系《新闻学论集》编辑组编 |
| 210 | @a北京@c中国人民大学出版社@d1981 | |
| 215 | @a243页@d20cm | |
| 606 | @a新闻学@x文集 | |
| 690 | @aG210-53@v3 | |
| 690 | @aG21@v4 | |
| 711 | 02 | @a中国人民大学新闻系编辑组@Azhong guo ren min da xue xin wen xi bian ji zu@4编 |
| 801 | 0 | @aCN@bTSSF@c20150121 |
| 905 | @aZUCC@dG21@eJY7:3 | |
| 新闻学论集.第三辑/中国人民大学新闻系《新闻学论集》编辑组编.-北京:中国人民大学出版社,1981 |
| 243页;20cm |
| ISBN :CNY0.80 |
| ● |
| 相关链接 |
|
|
|
|
正题名:新闻学论集
索取号:G21/JY7:3
 
预约/预借
| 序号 | 登录号 | 条形码 | 馆藏地/架位号 | 状态 | 备注 |
| 1 | 7840974 | 278409740 | 学院路分馆/ [索取号:G21/JY7:3] | 在馆 |